Najkrajší čitateľský denník

Bibliographic Details
Format: Article
Language:Slovak
PhysicalDescription:Fotogr.
ISSN:1336-4030
Subjects:
Online Access:www.vecernik.po.sk

MARC

LEADER 00000nab a2200000 a 4500
001 vtls008996975
003 SK-MaSNL
005 20260303065754.0
008 070607c20070410xo dr n 000 00slo
038 |a SVKPOCL 
040 |a SVKPOCL  |b slo  |c AACR2  |e AACR2 
041 |a slo 
044 |a xo  |c SK 
080 |a 027.53  |2 2001 
245 0 0 |a Najkrajší čitateľský denník  |c [autor] (mig) 
300 |a Fotogr. 
610 2 7 |a Detská knižnica Slniečko (Prešov, Slovensko)  |2 svkpocl  |9 1033273 
611 2 7 |a Čitateľský denník roka  |d (2006 :  |c Prešov, Slovensko)  |2 svkpocl  |9 1066283 
611 2 7 |a Týždeň slovenských knižníc  |d (2007 :  |c Prešov, Slovensko)  |2 svkpocl  |9 1066272 
650 0 7 |a detskí čitatelia  |2 svkpocl  |9 81992 
650 0 7 |a vyhodnotenie súťaže  |2 svkpocl  |9 594914 
651 7 |a Prešov (Slovensko)  |2 svkpocl  |9 17347 
773 0 |t Prešovský večerník  |g Roč. XVIII, č. 4175 (10.4.2007), s. 6  |x 1336-4030 
852 |a SVKPO  |b KIS3GCP 
856 4 1 |u www.vecernik.po.sk 
958 |a RG 
999 |c 1752623  |d 1754553